书目信息 |
| 题名: |
作物育种基础知识
|
|
| 作者: | 张树榛 编 | |
| 分册: | ||
| 出版信息: | 北京 农业出版社 1981.5 |
|
| 页数: | 74页 | |
| 开本: | 20cm | |
| 丛书名: | ||
| 单 册: | ||
| 中图分类: | S33 | |
| 科图分类: | ||
| 主题词: | ||
| 电子资源: | ||
| ISBN: | ||
| 000 | 00480nam0 2200181 45 | |
| 001 | 0181011814 | |
| 005 | 20060510155028.28 | |
| 010 | @dCNY0.22 | |
| 100 | @a20810111d km y0chiy0120 ea | |
| 101 | 0 | @achi |
| 200 | 1 | @a作物育种基础知识@Azuo wu yu zhong ji chu zhi shi@f张树榛编@Fzhang shi zhen |
| 210 | @a北京@c农业出版社@d1981.5 | |
| 215 | @a74页@d20cm | |
| 300 | @a农业干部培训自学读本 | |
| 690 | @aS33@v4 | |
| 701 | 0 | @a张树榛@4编 |
| 801 | @aCN@bTSTC@c20060510 | |
| 905 | @dS33@e5 | |
| 作物育种基础知识/张树榛编.-北京:农业出版社,1981.5 |
| 74页;20cm |
| 农业干部培训自学读本 |
| ISBN :CNY0.22 |
| ● |
| 相关链接 |
|
|
|
|
正题名:作物育种基础知识
索取号:S33/5
 
预约/预借
| 序号 | 登录号 | 条形码 | 馆藏地/架位号 | 状态 | 备注 |
| 1 | 0165416 | 202311382 | 密集书库/ [索取号:S33/5] | 在馆 | |
| 2 | 0165417 | 202311925 | 密集书库/ [索取号:S33/5] | 在馆 |